000 006160000a22001810004500
003 MACL
005 20160520113248.0
008 160520b xxu||||| |||| 00| 0 eng d
040 _aMACL
_cMACL
041 _aHindi
082 _a891.433
100 _aवंघोपाध्‍याय, ताराशंकर
_958334
245 _aशिवानी का भाग्‍य
_cताराशंकर वंघोपाध्‍याय
260 _bनवसृजन साहित्‍य
_c2001
_aदिल्‍ली
350 _a150
650 _aNovel
_958335
942 _cHIN
_k800/VAN/N
_2ddc
999 _c10041
_d10041